Advanced engineering mathematics (Record no. 2354)

000 -LEADER
fixed length control field 00457nam a22001937a 4500
001 - CONTROL NUMBER
control field 2354
003 - CONTROL NUMBER IDENTIFIER
control field BD-DhUET
008 - FIXED-LENGTH DATA ELEMENTS--GENERAL INFORMATION
fixed length control field 140922b xxu||||| |||| 00| 0 eng d
020 ## - INTERNATIONAL STANDARD BOOK NUMBER
International Standard Book Number 8121903459
040 ## - CATALOGING SOURCE
Transcribing agency 0
Modifying agency BD-DhUET
082 ## - DEWEY DECIMAL CLASSIFICATION NUMBER
Classification number 510
Item number DAS/2007
100 ## - MAIN ENTRY--PERSONAL NAME
Personal name Dass, H.K.
245 ## - TITLE STATEMENT
Title Advanced engineering mathematics
250 ## - EDITION STATEMENT
Edition statement 17th Rev. ed.
260 ## - PUBLICATION, DISTRIBUTION, ETC. (IMPRINT)
Place of publication, distribution, etc. Ram Nagar
Name of publisher, distributor, etc. S. Chand.
Date of publication, distribution, etc. 2007
300 ## - PHYSICAL DESCRIPTION
Extent xvi,1274p.
650 #0 - SUBJECT ADDED ENTRY--TOPICAL TERM
Topical term or geographic name as entry element Mathematics
942 ## - ADDED ENTRY ELEMENTS (KOHA)
Koha item type General Book
Holdings
Sublocation or collection (holding branch) Damaged status Lost status Koha item type Koha out on loan Koha date last borrowed Source of classification or shelving scheme Location (home branch) Price effective from Date acquired Koha normalized classification for sorting Copy number Not for loan Koha full call number Withdrawn status Koha issues (times borrowed) Koha date last seen Piece designation (barcode) Shelving location
Central Library, BUET  General Book 2022-11-23 Central Library, BUET2014-09-222014-09-22510DAS20071 510/DAS/2007 32023-05-06103924Circulation section
Central Library, BUET  General Book2026-01-272026-01-13 Central Library, BUET2014-09-222014-09-22510DAS20072 510/DAS/2007 62026-01-13103925Circulation section
Central Library, BUET  General Book 2024-12-01 Central Library, BUET2014-09-222014-09-22510DAS20073 510/DAS/2007 42025-02-10103927Circulation section
Central Library, BUET  General Book 2023-03-22 Central Library, BUET2014-09-222014-09-22510DAS20074 510/DAS/2007 32023-06-05103928Circulation section
Central Library, BUET  General Book 2014-11-12 Central Library, BUET2014-09-222014-09-22510DAS20075 510/DAS/2007 12016-02-24103929Circulation section
Central Library, BUET  General Book 2023-01-11 Central Library, BUET2014-09-222014-09-22510DAS20077 510/DAS/2007 22023-02-28103931Circulation section
Central Library, BUET  General Book 2026-04-15 Central Library, BUET2014-09-222014-09-22510DAS20076 510/DAS/2007 32026-05-09103930Circulation section
Central Library, BUET  General Book 2019-01-20 Central Library, BUET2015-01-262015-01-26510_000000000000000_DAS_20078 510/DAS/2007 22019-03-31103922Circulation section
Central Library, BUET  General Book 2025-03-02 Central Library, BUET2015-09-012015-09-01510DAS_2007_0000000000000009 510DAS/2007 22025-04-07103923Circulation section
Central Library, BUET  General Book2024-12-082024-11-24 Central Library, BUET2017-05-292007-05-28510_000000000000000_DAS_200710 510/DAS/2007 112024-11-24103926Circulation section